Who Wrote These Novel Series? - Statistics

General Stats
  • This quiz has been taken 14 times
  • The average score is 4 of 12
Answer Stats
Novel Series Author % Correct
Harry Potter JK Rowling
100%
The Chronicles of Narnia CS Lewis
67%
The Hunger Games Suzanne Collins
67%
Percy Jackson Rick Riordan
33%
The Witcher Andrzej Sapkowski
25%
Lord of the Rings JRR Tolkein
25%
Divergent Veronica Roth
25%
Diary of a Wimpy Kid Jeff Kinney
17%
The Ram Chandra Series Amish Tripathi
8%
The Camelot Inheritance Rosie Morgan
8%
The Dean Curse Chronicles Steven Whibley
8%
Wings of Fire Tui T. Sutherland
8%
No matching quizzes found
Score Distribution
Percent of People with Each Score
Percentile by Number Answered
Your Score History
You have not taken this quiz